000 00273nam a22001337a 4500
008 181218b xxu||||| |||| 00| 0 eng d
020 _a0201196000
041 _aeng
080 _a510
100 _a38
101 _aMAT
245 _aMathquest
_cKelly.m
942 _2udc
_cBK
999 _c53355
_d53355